000
00339nam a2200145Ia 4500
003
OSt
008
191201s2019 xx 000 0 und d
082
_a
621.43
_b
HEI
100
_a
HEYWOOD, John B
245
0
_a
Internal Combustion Engine Fundamentals
250
_a
13th rep
260
_b
TMH
_a
New Delhi
300
_a
930
942
_2
ddc
_c
BK
999
_c
8177
_d
8177